| 000 | 00702nam a2200205 4500 | ||
|---|---|---|---|
| 001 | 122598 | ||
| 003 | ES-MaACL | ||
| 005 | 20250701021850.0 | ||
| 007 | t| | ||
| 008 | 070214s1971 sp r ||||1| spa d | ||
| 245 | 0 | 0 |
_aProblemas actuales de la dialéctica / _cIlienkov... [et al.] ; [trad. de María Esther Benítez, María Sandoval y Agustín García Tirado]. |
| 260 |
_aMadrid : _bAlberto Corazón, _c1971. |
||
| 300 |
_a227 p. ; _c21 cm. |
||
| 700 | 1 |
_aSandoval, María. _9103106 |
|
| 700 | 1 |
_aGarcía Tirado, Agustín. _955330 |
|
| 700 | 1 |
_aBenítez, Esther, _d1937-2001 _927600 |
|
| 700 | 1 |
_aIlienkov, E. _965178 |
|
| 852 |
_aES-MaACL _jC-38945 _bR.77479 |
||
| 999 |
_c122598 _d122598 |
||